LEADER 00844nam0-22002771i-450- 001 990007152000403321 005 20021010 035 $a000715200 035 $aFED01000715200 035 $a(Aleph)000715200FED01 035 $a000715200 100 $a20021010d--------km-y0itay50------ba 101 0 $aita 200 1 $aEuropa auf dem Weg zum Mehrheitssystem$eGrunde und Konsequenzen nationaler und parlamentarischen Integration$fThomasKonig. 210 $aOpladen$cWestdeutscher$d1997. 215 $a256 p.$d23 cm 225 1 $aStudien zur Sozialwissenschaft$vbd. 202 700 1$aKonig,$bThomas$0262871 801 0$aIT$bUNINA$gRICA$2UNIMARC 901 $aBK 912 $a990007152000403321 952 $aXV A 103$b3192$fDDCIC 959 $aDDCIC 996 $aEuropa auf dem Weg zum Mehrheitssystem$9690829 997 $aUNINA DB $aGEN01 LEADER 01078nam0 22003013i 450 001 RMS0139759 005 20231121125808.0 100 $a20030515d1967 ||||0itac50 ba 101 | $afre 102 $afr 181 1$6z01$ai $bxxxe 182 1$6z01$an 200 1 $a˜La œfaim$fpar Michel Cepede et Hugues Gounelle 210 $aParis$cPresses universitaires de France$d1967 215 $a126 p.$cill.$d18 cm. 225 | $aQue sais-je?$v719 410 0$1001CFI0063042$12001 $aQue sais-je?$v719 700 1$aCépède$b, Michel$3SBLV071758$4070$0375129 701 1$aGounelle$b, Hugues$3SBLV060466$4070$083151 801 3$aIT$bIT-01$c20030515 850 $aIT-RM0289 $aIT-FR0017 899 $aBiblioteca Statale A. Baldini$bRM0289 899 $aBiblioteca umanistica Giorgio Aprea$bFR0017 $eN 912 $aRMS0139759 950 0$aBiblioteca umanistica Giorgio Aprea$d 52DMAB 290 bis$e 52FLS0000329625 VMB RS $fA $h20181106$i20181106 977 $a 04$a 52 996 $aFaim$93634818 997 $aUNICAS